000 00936nam a2200253I 4500
001 5824
003 BD-RjUL
005 20211208234133.0
008 140107r19621959n eng u
035 _a(BD-RjUL)5863
040 _cWSU
_dm.c.
_dBOS
_aBD-RjUL
_beng
041 _aeng
082 0 4 _216
_a361.07
_bPUT 1962
090 _aHV11
_b.F591 v. 13
100 1 _aPumphrey, Muriel Warren.
_918300
245 1 4 _aThe teaching of values and ethics in social work education /
_cMuriel w. Pumphrey.
260 _bCouncil on Social Work Education,
_c1959 [printing 1966].
_aNew york.
300 _aV. ;
_c24 cm.
490 1 _aCouncil on Social Work Education. A project report of the curriculum study,
_vv. 13.
504 _aBibliography: p. [147]-164.
505 _aVol.-13. A project Report of the Curriculum study werner W. Boehm, Director and coordinator.
650 0 _aSocial welfare
_xStudy and teaching.
_918301
942 _2ddc
_cBK
999 _c5824
_d5824